Adam de Aldersbach y su Summula Pauperum
Uloženo v:
| Hlavní autor: | |
|---|---|
| Médium: | Kniha |
| Jazyk: | španělština |
| Vydáno: |
Zaragoza
Universidad de Malaga
1992
|
| Vydání: | 3a. ed |
| Témata: | |
| Tagy: |
Přidat tag
Žádné tagy, Buďte první, kdo vytvoří štítek k tomuto záznamu!
|
MARC
| LEADER | 00000nam a2200000 a 4500 | ||
|---|---|---|---|
| 001 | UCX7143 | ||
| 003 | CL-VaPUC | ||
| 008 | 931127e19920000SP |||||||||||||||||spa|d | ||
| 082 | 0 | 4 | |a 262.9 |b VAL |2 21 |
| 100 | 0 | |a Valls y Taberner, Fernando |e author |9 257411 | |
| 245 | 1 | 0 | |a Adam de Aldersbach y su Summula Pauperum |
| 250 | |a 3a. ed | ||
| 300 | |a 72 p | ||
| 942 | |c BK | ||
| 945 | |d 19931127 00:00:00 |a aalvarez | ||
| 260 | |a Zaragoza |b Universidad de Malaga |c 1992 | ||
| 650 | 7 | |a DERECHO CANONICO |2 CL-VaPUC |9 323931 | |
| 650 | 0 | |a Historia del derecho |9 255109 | |
| 583 | |a last modification |c 20161026 12:20:02 |k Rodrigo Vera | ||
| 999 | |c 227042 |d 227040 | ||
| 952 | |0 0 |1 0 |4 0 |6 262_900000000000000_VAL_1992 |7 0 |8 DER_HDC |9 225802 |a BIBDER |b BIBDER |d 2019-11-15 |i 2946424 |o 262.9 VAL 1992 |p 2946424 |r 2023-01-25 |w 2019-11-15 |x Ubicación 4to Piso |y BK |z Estos recursos deben solicitarse con anticipación |k DER | ||
| 952 | |0 0 |1 0 |4 0 |6 262_900000000000000_VAL_1992 |7 0 |8 DER_HDC |9 225803 |a BIBDER |b BIBDER |d 2019-11-15 |i 3423247 |o 262.9 VAL 1992 |p 3423247 |r 2023-01-25 |w 2019-11-15 |x Ubicación 4to Piso |y BK |z Estos recursos deben solicitarse con anticipación |k DER | ||